00632nam a2200157 a 450000100100000000500170001000800410002704000250006808200150009310000300010824500800013826000320021830000210025095201860027199900170045700003559920200930074449.0111104s1955 mx 000 0 spa d aDO-SdBNPbspacBNPHU axxxxbxxxx1 aMoral, Luis F. del96150410aSerafín Sánchez un carácter al servicio de Cuba /cLuis F. del Moral. aMéxico :bMirador,c1955. a208 p. ;c20 cm. 001050718RVaGRbGRcHDd2011-11-04iLF1l0oxxxx xxxxp35599-10r2020-06-25w2020-06-25y1zPerteneció a la biblioteca personal de Juan Isidro Jimenes Grullón.ZNo se presta c35090d35090